000 00221nam a22000857a 4500
008 170601b xxu||||| |||| 00| 0 eng d
100 _93192
_aGhesh. A. K
245 _aLegends from Indian history
260 _aNew Delhi
_bCBT
_c2004
999 _c6495
_d6495